00474nam a2200133Ia 450000500170000000800410001710000130005824501050007126000110017630000110018794200070019899900150020595201200022020260326235450.0260326s9999||||xx |||||||||||||| ||und|| aGore, Al 0aUna verdad incómoda :b La crisis Planetaria del calentamiento global y como afrontarla /cAl Gore bGedisa a325 p. cBK c7716d7716 001040708GENaGPCbGPCcGENd2026-03-27eComprai1499l0o900 G 66p1499r2026-03-27 04:54:50t1w2026-03-27yBK